| 000 | 01237cam a22001934a 4500 | ||
|---|---|---|---|
| 005 | 20250605164051.0 | ||
| 008 | 250528s ||||||||||||||||||||||||d | ||
| 035 | _a17278 | ||
| 020 | _a41506161 | ||
| 040 |
_aGR-AtMCL _bgre _dGR-AtMCL _eAACR2 |
||
| 245 | 1 | _aThe Single European Market and Beyond / A Study of the Wider Implications of the Single European Act | |
| 260 |
_bRouledge, _c1993 |
||
| 300 | _a304 | ||
| 520 | _aThis book examines what the single market actually entails and looks at the other issues and implications of the Single European Act. Preface, Abbreviations, Setting the Scene, The Single Market and Beyond - An Overview, European Union and the Single European Act and the 1992 Program, Completing the 1992 Single Market, Standards and Procurement and Mergers and State Aids, The Fiscal Dimension of 1992, Banking and Financial Services, The Liberalization of Transport Services, The External Implications of 1992, Beyond 1992: Deepening and Widening, Onwards to EMU, The Social Charter and Other Issues, The European Community and the New Europe, Conclusion, A Forward View, The Treaty on European Union, Notes, Index. | ||
| 700 | 1 |
_aSwann Dennis _93438 |
|
| 942 | _cBK | ||
| 999 |
_c2706 _d2706 |
||